00270nam a2200097Ia 4500008004100000041000800041100002700049245004200076260003500118999001900153241105s9999 xx 000 0 und d aeng aBhosale Shreya9182549 aBoutique Hotel At Fort Jaigarh Jaipur bFinal Year B. Arch, BNCAc2014 c360838d360838